000 00789nam a2200205 a 4500
003 0
005 20250609104809.0
008 021128s19uu xx 00 eng d
050 _aPGS HV 8699.P6
_b.Q8 2000
100 _aQuizon, Erika Ilse M.
245 _aA survey on death penalty as perceived by the youth of Pillar Village /
_cErika Ilse M. Quizon.
260 _aLas PiƱas City, Philippines :
_bSouthville International School and Colleges,
_c2000.
300 _a36 pages :
_billustrations ;
_c28 cm.
504 _aIncludes bibliographical references.
650 _aCapital punishment
_zPhilippines.
650 _aCriminal justice, Administration of
_zPhilippines.
650 _aCapital punishment
_vPublic opinion
_zPhilippines.
650 _aYouth
_vAttitudes.
942 _2lcc
_cPASS
999 _c96407
_d96407